[Event "Montreal int."]
[Site "Montreal CAN"]
[Date "2005.08.11"]
[Round "8"]
[White "Tyomkin, Dimitri"]
[Black "Roussel-Roozmon, Thomas"]
[Result "1-0"]
[WhiteElo "2467"]
[BlackElo "2439"]
[PlyCount "89"]
[EventDate "2005.08.04"]
[EventType "tourn"]
[EventRounds "11"]
[EventCountry "CAN"]

1. d4 d5 2. c4 c6 3. Nf3 Nf6 4. Nc3 a6 5. cxd5 cxd5 6. Bf4 Nc6 7. Rc1 Ne4 8. a3
Nxc3 9. Rxc3 e6 10. e3 Bd6 11. Bg3 O-O 12. Bd3 h6 13. Bb1 Qe7 14. Qc2 f5 15.
O-O Bd7 16. Rc1 Rfc8 17. Qb3 Bxg3 18. hxg3 Na5 19. Rxc8+ Rxc8 20. Rxc8+ Bxc8
21. Qc2 Nc6 22. g4 Bd7 23. g3 fxg4 24. Qh7+ Kf7 25. Bg6+ Kf6 26. Nh4 e5 27. Bh5
Qf8 28. Bxg4 Bxg4 29. Qg6+ Ke7 30. Qxg4 Qf6 31. Qc8 exd4 32. Nf5+ Kf7 33. Qxb7+
Kg8 34. Qxc6 Qxf5 35. exd4 Qb1+ 36. Kh2 Qf5 37. Kg1 Qb1+ 38. Kh2 Qf5 39. Qe8+
Kh7 40. Kg2 Qb1 41. b4 Qb2 42. Qe3 Qb1 43. Qe5 Qd3 44. Qxd5 Qxa3 45. Qe4+ 1-0

[Event "Montreal int."]
[Site "Montreal CAN"]
[Date "2005.08.12"]
[Round "9"]
[White "Roussel-Roozmon, Thomas"]
[Black "Krush, Irina"]
[Result "1/2-1/2"]
[WhiteElo "2439"]
[BlackElo "2452"]
[PlyCount "99"]
[EventDate "2005.08.04"]
[EventType "tourn"]
[EventRounds "11"]
[EventCountry "CAN"]

1. d4 d5 2. Nf3 Nf6 3. c4 dxc4 4. e3 e6 5. Bxc4 c5 6. O-O a6 7. dxc5 Qxd1 8.
Rxd1 Bxc5 9. Nbd2 Nbd7 10. Be2 b6 11. Nb3 Be7 12. Nfd4 Bb7 13. f3 O-O 14. e4
Rfd8 15. Be3 Kf8 16. Rac1 Rac8 17. Kf2 Nc5 18. Nxc5 Bxc5 19. a3 Ke7 20. b4 Bxd4
21. Rxd4 Rxc1 22. Rxd8 Kxd8 23. Bxc1 Nd7 24. Ke3 e5 25. g3 b5 26. f4 Ke7 27.
fxe5 Nxe5 28. Kd4 Kd6 29. Bf4 f6 30. Bg4 g5 31. Bxe5+ fxe5+ 32. Ke3 h6 33. Kf3
Ke7 34. Bf5 Kf7 35. Kg4 Kf6 36. Kh5 Kg7 37. Kg4 Kf6 38. h4 gxh4 39. Kxh4 Kg7
40. Kg4 Kf7 41. Kh5 Kg7 42. g4 Bc6 43. g5 hxg5 44. Kxg5 Kf7 45. Bc8 Bxe4 46.
Bxa6 Bc6 47. Kf5 e4 48. Kf4 Ke6 49. Bxb5 Bxb5 50. Kxe4 1/2-1/2

[Event "Montreal int."]
[Site "Montreal CAN"]
[Date "2005.08.13"]
[Round "10"]
[White "Roussel-Roozmon, Thomas"]
[Black "Mikhalevski, Victor"]
[Result "0-1"]
[WhiteElo "2439"]
[BlackElo "2572"]
[PlyCount "58"]
[EventDate "2005.08.04"]
[EventType "tourn"]
[EventRounds "11"]
[EventCountry "CAN"]

1. d4 Nf6 2. c4 d5 3. Nc3 g6 4. Bf4 Bg7 5. e3 c5 6. dxc5 Qa5 7. Rc1 dxc4 8.
Bxc4 O-O 9. Nf3 Qxc5 10. Bb3 Nc6 11. O-O Qa5 12. Qe2 Nh5 13. Bg5 Bg4 14. Nd5 e6
15. Ne7+ Kh8 16. Nxc6 Qxg5 17. Ncd4 Bxd4 18. exd4 Qf4 19. Qe5+ Kg8 20. Rc3 Rac8
21. g3 Rxc3 22. gxf4 Rxf3 23. Bd1 Rxf4 24. Bxg4 Rxg4+ 25. Kh1 Rd8 26. Qc7 Rgxd4
27. Qxb7 Nf4 28. Qxa7 Rd1 29. Qa6 R8d3 0-1

[Event "Montreal int."]
[Site "Montreal CAN"]
[Date "2005.08.14"]
[Round "11"]
[White "Shipov, Sergei"]
[Black "Roussel-Roozmon, Thomas"]
[Result "1-0"]
[WhiteElo "2582"]
[BlackElo "2439"]
[PlyCount "103"]
[EventDate "2005.08.04"]
[EventType "tourn"]
[EventRounds "11"]
[EventCountry "CAN"]

1. d4 d5 2. c4 c6 3. Nc3 Nf6 4. Nf3 a6 5. e3 b5 6. c5 g6 7. Bd3 Bg7 8. b4 a5 9.
bxa5 Nfd7 10. Bd2 e5 11. Bc2 O-O 12. O-O f5 13. Bb3 Kh8 14. Ne2 Na6 15. Nxe5
Nxe5 16. dxe5 Bxe5 17. Rc1 Bd7 18. Nd4 Qe7 19. Bc3 Rfe8 20. Qd2 Kg7 21. Rfd1
Bf6 22. Bb2 Rab8 23. g3 Ra8 24. Re1 Rf8 25. Bd1 Rf7 26. Ba3 Qd8 27. Nb3 Nc7 28.
Bf3 Ne6 29. Bg2 Ng5 30. Bb2 Rf8 31. a3 Nf7 32. f4 Bxb2 33. Qxb2+ Qf6 34. Qd4
Nd8 35. Ra1 Nb7 36. Qb4 Rfb8 37. a4 Nd8 38. Nd4 bxa4 39. Qc3 Bc8 40. Rxa4 Ba6
41. Raa1 Kf7 42. Reb1 Rxb1+ 43. Rxb1 Ke8 44. Rb6 Qg7 45. Kf2 Kd7 46. Qb4 Qe7
47. Bf3 Kc7 48. Rxc6+ Nxc6 49. Qb6+ Kc8 50. Qxc6+ Kb8 51. Qb6+ Kc8 52. Bxd5 1-0

[Event "CAN-op"]
[Site "Edmonton CAN"]
[Date "2005.07.09"]
[Round "1.20"]
[White "Roussel-Roozmon, Thomas"]
[Black "Day, Jonathan"]
[Result "1-0"]
[WhiteElo "2417"]
[BlackElo "1741"]
[PlyCount "55"]
[EventDate "2005.07.09"]
[EventType "swiss"]
[EventRounds "10"]
[EventCountry "CAN"]

1. e4 c6 2. Nc3 e6 3. d4 d5 4. a3 a6 5. Be3 Nd7 6. Qd2 Bd6 7. Nf3 Ne7 8. Bd3
Nf8 9. e5 Bc7 10. h4 a5 11. h5 h6 12. Ne2 b5 13. g4 Bb7 14. Rh3 Qd7 15. Nh4
O-O-O 16. f4 Nh7 17. O-O-O f5 18. gxf5 exf5 19. Rg1 Rhg8 20. Ng6 Nf8 21. Nxe7+
Qxe7 22. Ng3 c5 23. Nxf5 Qd7 24. dxc5 d4 25. Bxd4 Ne6 26. Be3 Rgf8 27. Rhg3
Nxc5 28. Bxc5 1-0

[Event "CAN-op"]
[Site "Edmonton CAN"]
[Date "2005.07.10"]
[Round "2.20"]
[White "Culjaga, Nikolai"]
[Black "Roussel-Roozmon, Thomas"]
[Result "0-1"]
[WhiteElo "1927"]
[BlackElo "2417"]
[PlyCount "108"]
[EventDate "2005.07.09"]
[EventType "swiss"]
[EventRounds "10"]
[EventCountry "CAN"]

1. e4 c5 2. Nf3 a6 3. d4 cxd4 4. Nxd4 Nf6 5. Nc3 e5 6. Nf3 Bb4 7. Bc4 Qc7 8.
Qd3 O-O 9. Bd2 d6 10. O-O Nbd7 11. Nd5 Nxd5 12. Bxd5 Bc5 13. c4 Nf6 14. h3 h6
15. Rac1 Nxd5 16. cxd5 a5 17. b4 axb4 18. Qc4 b6 19. Bxb4 Ba6 20. Qb3 Bxf1 21.
Kxf1 Qa7 22. a3 Rfc8 23. Rb1 Qa6+ 24. Kg1 Qe2 25. Bxc5 bxc5 26. Re1 Qa6 27. Re3
Rcb8 28. Qc3 Qa5 29. Nd2 Qxc3 30. Rxc3 Kf8 31. g3 Ke7 32. f4 exf4 33. gxf4 Rb2
34. Nc4 Re2 35. e5 dxe5 36. fxe5 Rb8 37. Rc1 Ra2 38. Na5 Rbb2 39. Nc6+ Kd7 40.
Na5 Rg2+ 41. Kh1 Rh2+ 42. Kg1 Rag2+ 43. Kf1 Rh1+ 44. Kxg2 Rxc1 45. a4 Rd1 46.
Nc4 Rxd5 47. Nb6+ Kc6 48. Nxd5 Kxd5 49. Kf3 Kxe5 50. Ke3 Kd5 51. Kd3 f5 52. a5
g5 53. a6 Kc6 54. Kc4 g4 0-1

[Event "CAN-op"]
[Site "Edmonton CAN"]
[Date "2005.07.10"]
[Round "3.20"]
[White "Roussel-Roozmon, Thomas"]
[Black "Tomaras, Pavlos"]
[Result "1-0"]
[WhiteElo "2417"]
[BlackElo "1886"]
[PlyCount "41"]
[EventDate "2005.07.09"]
[EventType "swiss"]
[EventRounds "10"]
[EventCountry "CAN"]

1. d4 Nf6 2. c4 c5 3. d5 b5 4. Nf3 g6 5. cxb5 a6 6. b6 Qxb6 7. Nc3 d6 8. Nd2
Bg7 9. e4 O-O 10. Be2 Nbd7 11. O-O Ne5 12. Kh1 Nfg4 13. h3 Nh6 14. f4 Nd7 15.
Nc4 Qc7 16. f5 Nf6 17. Bf4 gxf5 18. Qd2 Nhg4 19. hxg4 fxg4 20. Bh6 Nh5 21. Qg5
1-0

[Event "CAN-op"]
[Site "Edmonton CAN"]
[Date "2005.07.11"]
[Round "4"]
[White "Bluvshtein, Mark"]
[Black "Roussel-Roozmon, Thomas"]
[Result "1-0"]
[WhiteElo "2529"]
[BlackElo "2417"]
[PlyCount "115"]
[EventDate "2005.07.09"]
[EventType "swiss"]
[EventRounds "10"]
[EventCountry "CAN"]

1. d4 d5 2. c4 c6 3. Nf3 Nf6 4. Nc3 a6 5. c5 Nbd7 6. Bf4 Nh5 7. e3 g6 8. Bd3
Bg7 9. Bg5 O-O 10. O-O Re8 11. h3 Qc7 12. g4 Nhf6 13. Bf4 Qd8 14. Re1 h5 15. g5
Nh7 16. h4 e5 17. Nxe5 Bxe5 18. dxe5 Nxc5 19. Bc2 Nf8 20. Bg3 a5 21. Qd4 Nfe6
22. Qd2 Ng7 23. e4 dxe4 24. Qe3 Qe7 25. Bxe4 Bf5 26. Bf3 Rad8 27. Rad1 Rd3 28.
Rxd3 Nxd3 29. Re2 Qc5 30. Ne4 Qxe3 31. Nf6+ Kf8 32. fxe3 Rd8 33. e4 Be6 34. Rd2
Bxa2 35. Be2 Bc4 36. Bf2 Ne6 37. Bb6 Nxe5 38. Rxd8+ Nxd8 39. Bxc4 Nxc4 40. Bxd8
a4 41. Nd7+ Ke8 42. Nb6 Nxb2 43. Bf6 a3 44. Kf2 Nd3+ 45. Ke3 Nc5 46. Nc4 a2 47.
Nd6+ Kf8 48. Kd2 b5 49. Kc2 Ne6 50. Kb2 Nf4 51. Bd4 Ke7 52. Nb7 Ng2 53. Bf2 f6
54. Bc5+ Ke6 55. Nd8+ Ke5 56. Nxc6+ Ke6 57. Nd8+ Ke5 58. Bd4+ 1-0

[Event "CAN-op"]
[Site "Edmonton CAN"]
[Date "2005.07.12"]
[Round "5"]
[White "Roussel-Roozmon, Thomas"]
[Black "Gulati, Justin"]
[Result "1-0"]
[WhiteElo "2417"]
[BlackElo "2122"]
[PlyCount "87"]
[EventDate "2005.07.09"]
[EventType "swiss"]
[EventRounds "10"]
[EventCountry "CAN"]

1. d4 Nf6 2. c4 g6 3. Nc3 Bg7 4. e4 O-O 5. Be3 d6 6. f3 e5 7. Nge2 Nc6 8. Qd2
a6 9. d5 Na7 10. O-O-O Qe7 11. Kb1 b5 12. Nc1 Bd7 13. c5 dxc5 14. Qf2 Nc8 15.
Bxc5 Nd6 16. a3 Rfb8 17. b4 a5 18. Nb3 axb4 19. axb4 Qe8 20. Bxd6 cxd6 21. Kb2
Qc8 22. Qd2 Ne8 23. Be2 Nc7 24. Ra1 Qb7 25. Rxa8 Nxa8 26. Na5 Qc8 27. Rc1 Qe8
28. Na2 Nb6 29. Nc6 Na4+ 30. Kb3 Rb6 31. Na5 Bf6 32. Nc3 Bd8 33. Nxa4 bxa4+ 34.
Ka3 f5 35. Nc6 Bxc6 36. dxc6 fxe4 37. fxe4 Bc7 38. Bc4+ Kg7 39. Bd5 Qf8 40. Qe2
Qb8 41. Qc4 Qd8 42. Rf1 Qb8 43. Rf7+ Kh8 44. Qf1 1-0

[Event "CAN-op"]
[Site "Edmonton CAN"]
[Date "2005.07.15"]
[Round "8.7"]
[White "Sundararajan, Kidambi"]
[Black "Roussel-Roozmon, Thomas"]
[Result "1-0"]
[WhiteElo "2524"]
[BlackElo "2417"]
[PlyCount "53"]
[EventDate "2005.07.09"]
[EventType "swiss"]
[EventRounds "10"]
[EventCountry "CAN"]

1. Nf3 c5 2. g3 Nc6 3. Bg2 g6 4. c3 Bg7 5. d4 cxd4 6. cxd4 d5 7. Nc3 e6 8. O-O
Nge7 9. b3 O-O 10. e3 b6 11. Ba3 Ba6 12. Re1 Qd7 13. Rc1 Rfd8 14. e4 dxe4 15.
Nxe4 Nd5 16. Qd2 Rac8 17. Nd6 Rc7 18. Nxf7 Qxf7 19. Ng5 Qd7 20. Nxe6 Bb7 21.
Nxd8 Qxd8 22. Bxd5+ Qxd5 23. Re8+ Kf7 24. Qf4+ Kxe8 25. Qxc7 Bxd4 26. Re1+ Be5
27. Qxb7 1-0

[Event "CAN-op"]
[Site "Edmonton CAN"]
[Date "2005.07.16"]
[Round "9"]
[White "Roussel-Roozmon, Thomas"]
[Black "Li, Zhichao"]
[Result "1-0"]
[WhiteElo "2439"]
[BlackElo "2041"]
[PlyCount "113"]
[EventDate "2005.07.09"]
[EventType "swiss"]
[EventRounds "10"]
[EventCountry "CAN"]
[WhiteTeam "Canada"]
[BlackTeam "Canada"]
[WhiteTeamCountry "CAN"]
[BlackTeamCountry "CAN"]

1. d4 d5 2. Nf3 Nf6 3. c4 c6 4. e3 Bf5 5. Nc3 e6 6. Nh4 Bg6 7. Qb3 Qb6 8. Nxg6
Qxb3 9. axb3 hxg6 10. g3 Nbd7 11. Bg2 Be7 12. O-O g5 13. e4 Nxe4 14. Nxe4 dxe4
15. Bxe4 O-O 16. Bd2 e5 17. dxe5 Nxe5 18. Bc3 Bf6 19. Rfd1 a6 20. Rd2 Rad8 21.
Rad1 Rxd2 22. Rxd2 Re8 23. Re2 g6 24. Kf1 Ng4 25. h3 Bxc3 26. bxc3 Nf6 27. Bf3
Rxe2 28. Kxe2 Kf8 29. b4 Ke7 30. Kd3 Kd6 31. Kd4 b6 32. c5+ bxc5+ 33. bxc5+ Kc7
34. Be2 a5 35. Bc4 a4 36. Bxf7 a3 37. Kd3 Kd7 38. Kc2 Ne4 39. Kb3 Nxf2 40. Bxg6
Ke7 41. h4 gxh4 42. gxh4 Kf6 43. Bc2 Ng4 44. Kxa3 Ne5 45. Be4 Kg7 46. h5 Kh6
47. Bg6 Kg7 48. Kb4 Kh6 49. c4 Kg7 50. Kc3 Kf6 51. Be4 Nd7 52. Kd4 Nb8 53. h6
Na6 54. Bxc6 Kg6 55. Bb5 Nc7 56. Ke5 Kxh6 57. Kd6 1-0

[Event "CAN-op"]
[Site "Edmonton CAN"]
[Date "2005.07.17"]
[Round "10.8"]
[White "Roussel-Roozmon, Thomas"]
[Black "Krush, Irina"]
[Result "1-0"]
[WhiteElo "2417"]
[BlackElo "2444"]
[PlyCount "167"]
[EventDate "2005.07.09"]
[EventType "swiss"]
[EventRounds "10"]
[EventCountry "CAN"]

1. d4 Nf6 2. c4 c5 3. d5 e6 4. Nc3 exd5 5. cxd5 d6 6. Nf3 g6 7. h3 Bg7 8. e4
O-O 9. Bd3 b5 10. Nxb5 Re8 11. O-O Nxe4 12. Qa4 a6 13. Bxe4 Bd7 14. Bd3 Qb6 15.
Ng5 Bxb5 16. Bxb5 Qxb5 17. Qh4 h6 18. Ne4 g5 19. Qg4 Qd7 20. Qxd7 Nxd7 21. Nxd6
Re5 22. g4 Rxd5 23. Nf5 Bf8 24. Be3 c4 25. Rfd1 Rxd1+ 26. Rxd1 Ne5 27. Kf1 Rb8
28. Bd4 Nd3 29. Ne3 Rc8 30. b3 Nb4 31. bxc4 Nxa2 32. Ra1 Nb4 33. Bc3 Ra8 34.
Ke2 a5 35. Ra4 Kh7 36. Nd5 Nc6 37. Kd3 Bc5 38. f4 gxf4 39. Nxf4 Rd8+ 40. Nd5
Kg6 41. Ra1 Nb4+ 42. Bxb4 axb4 43. Ra5 Rc8 44. h4 Rc6 45. h5+ Kg7 46. Rb5 Rc8
47. Nxb4 Bxb4 48. Rxb4 Kf6 49. Rb5 Rg8 50. Rf5+ Ke6 51. Rf4 Ke5 52. Ke3 Ra8 53.
Rf5+ Ke6 54. Rb5 Kf6 55. Kf4 Ra4 56. Rc5 Rb4 57. Rc6+ Ke7 58. Kf5 Kd7 59. Rc5
Kd6 60. Rd5+ Ke7 61. c5 Rc4 62. Re5+ Kf8 63. g5 Rh4 64. gxh6 Rxh5+ 65. Ke4 Rxh6
66. Kd5 Rh1 67. c6 f6 68. Re2 Rd1+ 69. Kc5 Rc1+ 70. Kb6 Kf7 71. c7 Rb1+ 72. Ka7
Ra1+ 73. Kb7 Rb1+ 74. Kc6 Rc1+ 75. Kd7 Rd1+ 76. Kc8 Rc1 77. Rb2 Ke6 78. Kb7 Ke5
79. Rb6 f5 80. Rc6 Rb1+ 81. Ka6 Ra1+ 82. Kb5 Ra8 83. c8=Q Rxc8 84. Rxc8 1-0

[Event "Balatonlelle GM-A"]
[Site "Balatonlelle HUN"]
[Date "2005.06.18"]
[Round "1"]
[White "Wittmann, Walter"]
[Black "Roussel-Roozmon, Thomas"]
[Result "1-0"]
[WhiteElo "2386"]
[BlackElo "2439"]
[PlyCount "91"]
[EventDate "2005.06.18"]
[EventType "tourn"]
[EventRounds "9"]
[EventCountry "HUN"]
[EventCategory "9"]
[Source "ChessBase"]
[SourceDate "2007.11.25"]

1. e4 c5 2. Nf3 e6 3. d4 cxd4 4. Nxd4 Nc6 5. Nc3 Qc7 6. g3 a6 7. Bg2 Nf6 8. O-O
Bc5 9. Nxc6 dxc6 10. Na4 Ba7 11. c4 Nd7 12. b4 a5 13. Ba3 e5 14. c5 axb4 15.
Bxb4 O-O 16. Qd2 Nf6 17. Nb6 Rb8 18. Qc3 Be6 19. Qa3 Bxb6 20. cxb6 Qxb6 21. Bc5
Qc7 22. Bd6 Qc8 23. Qb2 Nd7 24. a4 Ra8 25. Bxf8 Kxf8 26. a5 Qc7 27. Rfb1 Ra7
28. Qc3 Ke8 29. Bf1 h6 30. Rc1 Nb8 31. Qc5 Ra8 32. h3 Nd7 33. Qc3 Nf6 34. Qb4
Ng8 35. Rcb1 Bc8 36. f3 Ne7 37. Kh2 g5 38. Qc5 h5 39. Rd1 h4 40. Rd6 hxg3+ 41.
Kxg3 Ng6 42. Rad1 Be6 43. a6 bxa6 44. Rxc6 Qe7 45. Bc4 Bxc4 46. Rc8+ 1-0

[Event "Balatonlelle GM-A"]
[Site "Balatonlelle HUN"]
[Date "2005.06.19"]
[Round "2"]
[White "Roussel-Roozmon, Thomas"]
[Black "Howell, David"]
[Result "1-0"]
[WhiteElo "2439"]
[BlackElo "2416"]
[PlyCount "79"]
[EventDate "2005.06.18"]
[EventType "tourn"]
[EventRounds "9"]
[EventCountry "HUN"]
[EventCategory "9"]
[Source "ChessBase"]
[SourceDate "2007.11.25"]

1. d4 Nf6 2. c4 g6 3. Nc3 d5 4. Bf4 Bg7 5. e3 c5 6. dxc5 Qa5 7. Rc1 Ne4 8. cxd5
Nxc3 9. Qd2 Qxa2 10. Rxc3 O-O 11. Bc4 Qa1+ 12. Rc1 Qxb2 13. Nf3 Nd7 14. Qxb2
Bxb2 15. Rc2 Ba3 16. c6 Nb6 17. Bb3 bxc6 18. dxc6 Bb4+ 19. Ke2 Ba6+ 20. Kd1 Bd3
21. Rc1 a5 22. Ne5 Be4 23. Ke2 a4 24. Ba2 Bd5 25. Bxd5 Nxd5 26. Nd7 Rfc8 27.
Be5 Ra6 28. Rhd1 Nb6 29. Nxb6 Rxb6 30. Rd7 Ra6 31. c7 Raa8 32. Rc4 Bd6 33. Bxd6
exd6 34. Rxa4 Rxa4 35. Rd8+ Kg7 36. Rxc8 Rc4 37. Kd3 Rc5 38. Kd4 h5 39. e4 Kh7
40. e5 1-0

[Event "Balatonlelle GM-A"]
[Site "Balatonlelle HUN"]
[Date "2005.06.20"]
[Round "3"]
[White "Varga, Zoltan"]
[Black "Roussel-Roozmon, Thomas"]
[Result "1-0"]
[WhiteElo "2515"]
[BlackElo "2439"]
[PlyCount "75"]
[EventDate "2005.06.18"]
[EventType "tourn"]
[EventRounds "9"]
[EventCountry "HUN"]
[EventCategory "9"]
[Source "ChessBase"]
[SourceDate "2007.11.25"]

1. e4 e5 2. Nf3 Nf6 3. Nc3 Nc6 4. Bb5 Nd4 5. Bc4 c6 6. Nxe5 d5 7. exd5 Bd6 8.
Nf3 Nxf3+ 9. Qxf3 O-O 10. h3 cxd5 11. Nxd5 Nxd5 12. Bxd5 Re8+ 13. Kd1 Be6 14.
Re1 Qb6 15. Bxe6 Rxe6 16. Rxe6 fxe6 17. Qb3 Qxf2 18. Qxe6+ Kh8 19. c3 Bg3 20.
Qe4 h6 21. Kc2 Rd8 22. b4 Bh4 23. Kb3 Bg5 24. d3 Qf7+ 25. Qc4 Qe7 26. Bxg5 Qxg5
27. Qe4 Qd2 28. Rf1 b5 29. d4 Rc8 30. Qc2 Qe3 31. Rd1 a5 32. Qd3 Qe6+ 33. d5
Qa6 34. a3 axb4 35. cxb4 Qd6 36. Qxb5 Qg3+ 37. Qd3 Qxg2 38. d6 1-0

[Event "Balatonlelle GM-A"]
[Site "Balatonlelle HUN"]
[Date "2005.06.21"]
[Round "4"]
[White "Roussel-Roozmon, Thomas"]
[Black "Hoffmann, Michael"]
[Result "1/2-1/2"]
[WhiteElo "2439"]
[BlackElo "2476"]
[PlyCount "37"]
[EventDate "2005.06.18"]
[EventType "tourn"]
[EventRounds "9"]
[EventCountry "HUN"]
[EventCategory "9"]
[Source "ChessBase"]
[SourceDate "2007.11.25"]

1. d4 d5 2. c4 c6 3. Nf3 Nf6 4. e3 e6 5. Nbd2 c5 6. cxd5 Nxd5 7. Be2 Nc6 8. Nb3
cxd4 9. Nfxd4 Bb4+ 10. Bd2 Nxd4 11. Nxd4 Qa5 12. a3 Bxd2+ 13. Qxd2 Qxd2+ 14.
Kxd2 Ke7 15. Rhd1 e5 16. Nb5 a6 17. Nc3 Nxc3 18. Kxc3 Bd7 19. b3 1/2-1/2

[Event "Balatonlelle GM-A"]
[Site "Balatonlelle HUN"]
[Date "2005.06.22"]
[Round "5"]
[White "Banusz, Tamas"]
[Black "Roussel-Roozmon, Thomas"]
[Result "1/2-1/2"]
[WhiteElo "2434"]
[BlackElo "2439"]
[PlyCount "84"]
[EventDate "2005.06.18"]
[EventType "tourn"]
[EventRounds "9"]
[EventCountry "HUN"]
[EventCategory "9"]
[Source "ChessBase"]
[SourceDate "2007.11.25"]

1. d4 d5 2. c4 c6 3. Nf3 Nf6 4. Nc3 a6 5. e3 b5 6. c5 Bf5 7. b4 a5 8. bxa5 Qxa5
9. Bd2 b4 10. Nb1 Ne4 11. Nh4 Bg6 12. Nxg6 hxg6 13. Bd3 Nxd2 14. Nxd2 e5 15.
O-O Nd7 16. Qb3 Be7 17. f4 exd4 18. exd4 O-O 19. Nf3 Bf6 20. Ne5 Nxe5 21. fxe5
Bg5 22. Bc2 Qa3 23. Rf3 Bd2 24. Qxa3 Rxa3 25. Rxa3 bxa3 26. Kf2 Bc3 27. Rd1 Rb8
28. Rd3 Bb2 29. Ba4 Rb4 30. Bxc6 Rxd4 31. Rb3 Rc4 32. Bxd5 Rxc5 33. e6 fxe6 34.
Bxe6+ Kf8 35. Rb7 Re5 36. Bb3 Re7 37. Rb8+ Re8 38. Rb4 Re5 39. Bc2 g5 40. Kf3
Bc1 41. Rb8+ Re8 42. Rxe8+ Kxe8 1/2-1/2

[Event "Balatonlelle GM-A"]
[Site "Balatonlelle HUN"]
[Date "2005.06.23"]
[Round "6"]
[White "Ruck, Robert"]
[Black "Roussel-Roozmon, Thomas"]
[Result "1/2-1/2"]
[WhiteElo "2551"]
[BlackElo "2439"]
[PlyCount "51"]
[EventDate "2005.06.18"]
[EventType "tourn"]
[EventRounds "9"]
[EventCountry "HUN"]
[EventCategory "9"]
[Source "ChessBase"]
[SourceDate "2007.11.25"]

1. Nf3 d5 2. g3 c6 3. Bg2 Bg4 4. O-O Nd7 5. d4 Ngf6 6. Nbd2 e6 7. c4 Bd6 8. b3
O-O 9. Bb2 h6 10. a3 a5 11. Bc3 Qb8 12. Qc2 Bf5 13. Qb2 b5 14. c5 Bc7 15. b4
Ne4 16. Nxe4 Bxe4 17. Ne5 Bxe5 18. dxe5 Bxg2 19. Kxg2 axb4 20. axb4 Qb7 21.
Rad1 Ra4 22. Qb3 Rfa8 23. Bb2 Nf8 24. f4 Qe7 25. Rd4 Nd7 26. Rd3 1/2-1/2

[Event "Balatonlelle GM-A"]
[Site "Balatonlelle HUN"]
[Date "2005.06.24"]
[Round "7"]
[White "Roussel-Roozmon, Thomas"]
[Black "Pinter, Jozsef"]
[Result "0-1"]
[WhiteElo "2439"]
[BlackElo "2535"]
[PlyCount "90"]
[EventDate "2005.06.18"]
[EventType "tourn"]
[EventRounds "9"]
[EventCountry "HUN"]
[EventCategory "9"]
[Source "ChessBase"]
[SourceDate "2007.11.25"]

1. d4 Nf6 2. c4 e6 3. Nc3 Bb4 4. Qc2 O-O 5. a3 Bxc3+ 6. Qxc3 b6 7. Bg5 Bb7 8.
e3 d6 9. Ne2 Nbd7 10. Qd3 c5 11. Nc3 a6 12. Rd1 Qc7 13. f3 Rfe8 14. Be2 h6 15.
Bh4 d5 16. cxd5 exd5 17. dxc5 bxc5 18. O-O Qb6 19. Bf2 Qb3 20. Rb1 Bc6 21. Bd1
Qb7 22. Qc2 a5 23. b3 Ne5 24. Be2 Rac8 25. Rfc1 Qe7 26. Qd2 Rcd8 27. Na4 c4 28.
Qa2 Bxa4 29. bxa4 Nfd7 30. Rd1 Nc5 31. Qc2 Ned3 32. Bxd3 Nxd3 33. Rb5 Qxa3 34.
Rxa5 Nxf2 35. Qxf2 Rxe3 36. h3 Rd3 37. Re1 Qb4 38. Ra7 c3 39. Ree7 Rd1+ 40. Kh2
Qf4+ 41. g3 Qf6 42. a5 Rd2 43. Re2 Rb8 44. a6 Rxe2 45. Qxe2 Rb2 0-1

[Event "Balatonlelle GM-A"]
[Site "Balatonlelle HUN"]
[Date "2005.06.25"]
[Round "8"]
[White "Hoelzl, Franz"]
[Black "Roussel-Roozmon, Thomas"]
[Result "0-1"]
[WhiteElo "2370"]
[BlackElo "2439"]
[PlyCount "98"]
[EventDate "2005.06.18"]
[EventType "tourn"]
[EventRounds "9"]
[EventCountry "HUN"]
[EventCategory "9"]
[Source "ChessBase"]
[SourceDate "2007.11.25"]

1. g3 d5 2. Bg2 c6 3. Nf3 Bg4 4. O-O Nd7 5. c4 e6 6. d3 Ngf6 7. Qb3 Qb6 8. Qc2
Bd6 9. Be3 Qd8 10. cxd5 exd5 11. Qb3 Qb8 12. Nc3 O-O 13. Rac1 Re8 14. Rfe1 h6
15. Qc2 Bf5 16. Qd2 Bg6 17. Nh4 Bh7 18. Bh3 Qd8 19. Bf5 Bf8 20. d4 Bxf5 21.
Nxf5 Ng4 22. h3 Nxe3 23. Nxe3 Nf6 24. a3 Qd7 25. Kg2 Qe6 26. Nf1 a5 27. e3 b5
28. Ne2 Ne4 29. Qc2 Rec8 30. Nf4 Qd7 31. Red1 a4 32. Nd2 Nd6 33. e4 dxe4 34.
Nxe4 Nc4 35. Kh2 Re8 36. d5 Qf5 37. Nc3 Qf6 38. dxc6 Qxc6 39. Nxa4 Rxa4 40. b3
Rxa3 41. bxc4 b4 42. Rd3 Rea8 43. Qd1 Ra2 44. Kg1 Qb6 45. Qf3 Rxf2 46. c5 Qxc5
47. Rxc5 Rxf3 48. Rb5 Rxd3 49. Nxd3 Ra3 0-1

[Event "Balatonlelle GM-A"]
[Site "Balatonlelle HUN"]
[Date "2005.06.26"]
[Round "9"]
[White "Roussel-Roozmon, Thomas"]
[Black "Buhmann, Rainer"]
[Result "1/2-1/2"]
[WhiteElo "2439"]
[BlackElo "2521"]
[PlyCount "42"]
[EventDate "2005.06.18"]
[EventType "tourn"]
[EventRounds "9"]
[EventCountry "HUN"]
[EventCategory "9"]
[Source "ChessBase"]
[SourceDate "2007.11.25"]

1. d4 d5 2. c4 c6 3. Nf3 Nf6 4. e3 e6 5. Nc3 Nbd7 6. Qc2 Bd6 7. Bd3 O-O 8. O-O
e5 9. cxd5 cxd5 10. e4 dxe4 11. Nxe4 Nxe4 12. Bxe4 h6 13. h3 exd4 14. Nxd4 Nf6
15. Bf3 Qa5 16. Qe2 Bd7 17. Bd2 Qc5 18. Nb3 Qf5 19. Nd4 Qc5 20. Nb3 Qf5 21. Nd4
Qc5 1/2-1/2

[Event "East Bay CC GM"]
[Site "Berkley USA"]
[Date "2005.03.29"]
[Round "1"]
[White "Sharavdorj, Dashzeveg"]
[Black "Roussel-Roozmon, Thomas"]
[Result "1-0"]
[WhiteElo "2453"]
[BlackElo "2425"]
[PlyCount "143"]
[EventDate "2005.03.29"]
[EventType "tourn"]
[EventRounds "10"]
[EventCountry "USA"]
[EventCategory "9"]
[Source "Mark Crowther"]
[SourceDate "2005.04.04"]

1. d4 Nf6 2. Nf3 e6 3. c4 b6 4. g3 Bb7 5. Bg2 Be7 6. O-O O-O 7. Re1 Qc8 8. Bg5
h6 9. Bxf6 Bxf6 10. e4 d6 11. Nc3 Nd7 12. Qd2 Re8 13. Rad1 Nf8 14. h4 a6 15. b3
Qd7 16. e5 Be7 17. d5 Rad8 18. Bh3 Qc8 19. Ne4 Qa8 20. exd6 Bxd6 21. Nxd6 Rxd6
22. Qe3 Qd8 23. Nd4 Qf6 24. dxe6 fxe6 25. Ne2 Rxd1 26. Rxd1 Qf3 27. Qxf3 Bxf3
28. Rd2 Kf7 29. Bg2 Bxg2 30. Kxg2 e5 31. Nc3 Ke6 32. Kf3 Nd7 33. Ke3 Nf6 34.
Ne4 a5 35. f3 Rf8 36. Nc3 c6 37. Ne4 Nxe4 38. Kxe4 g6 39. a3 Ra8 40. Rd3 g5 41.
h5 Rf8 42. b4 axb4 43. axb4 g4 44. f4 exf4 45. gxf4 Rf5 46. Rg3 Rxh5 47. Rxg4
Kf6 48. Rg8 Rh1 49. Rf8+ Ke7 50. Rb8 Rc1 51. Kd4 Rd1+ 52. Ke5 Re1+ 53. Kf5 Rc1
54. Rb7+ Kd8 55. Ke6 Rxc4 56. f5 Kc8 57. Rh7 Re4+ 58. Kd6 Rf4 59. Ke5 Rxb4 60.
f6 Rb1 61. f7 Re1+ 62. Kd6 Rd1+ 63. Kxc6 Rc1+ 64. Kxb6 Rb1+ 65. Kc5 Rc1+ 66.
Kd6 Rd1+ 67. Ke6 Re1+ 68. Kf6 Rf1+ 69. Ke7 Re1+ 70. Kf8 Kd7 71. Kg8 Rg1+ 72.
Rg7 1-0

[Event "East Bay CC GM"]
[Site "Berkley USA"]
[Date "2005.03.30"]
[Round "2"]
[White "Roussel-Roozmon, Thomas"]
[Black "Atalik, Suat"]
[Result "1/2-1/2"]
[WhiteElo "2425"]
[BlackElo "2560"]
[PlyCount "78"]
[EventDate "2005.03.29"]
[EventType "tourn"]
[EventRounds "10"]
[EventCountry "USA"]
[EventCategory "9"]
[Source "Mark Crowther"]
[SourceDate "2005.04.04"]

1. e4 e5 2. Nf3 Nc6 3. Bc4 Nf6 4. d3 Be7 5. O-O O-O 6. Re1 d6 7. a4 Na5 8. Ba2
c5 9. c3 Nc6 10. Nbd2 h6 11. h3 Re8 12. Nc4 Be6 13. Bd2 Nh7 14. Ne3 Bg5 15.
Nxg5 hxg5 16. Nd5 Ne7 17. Nxe7+ Qxe7 18. Bxe6 Qxe6 19. c4 f6 20. b4 Nf8 21. Qg4
Qxg4 22. hxg4 Ne6 23. Reb1 Re7 24. Be3 Rc8 25. g3 g6 26. Kf1 Rcc7 27. Ke2 Rh7
28. a5 Kf8 29. b5 Rcg7 30. a6 b6 31. Rh1 Ke7 32. Kf3 Nd8 33. Kg2 Nf7 34. Rxh7
Rxh7 35. Rh1 Rxh1 36. Kxh1 Ke6 37. Kg2 Kd7 38. Kf3 Nd8 39. Ke2 Ne6 1/2-1/2